00492nam a22001577a 4500010003000000020002600030035003100056037001600087082000800103100002400111245006300135260003600198270006000234300002700294500001300321 aB-690842-843 ENG-125297 a9789350483954c150.00 aB-690842-843 EN-108829 bOcean Books a920 aGopi Krishan Kumar  aThe life and times of Birsa Munda /cby Gopi Krishan Kumar aNew DelhibPrabhat Books c2013 a4/19 Asaf Ali Road, New Delhi-110002bNew Delhie110002 a120p. :c22cm(Hb)bill aBalidani